000 01082nam a22002537a 4500
003 OSt
005 20250924102645.0
008 240301b ||||| |||| 00| 0 eng d
040 _c0
082 _aDPer 621.317 Ie21 June 2022 v. 37 n. 6
100 _aLiu, Shunpan.
_eauthor.
_953929
245 _aEfficiency improvement of dual-receiver WPT systems based on partial power processing control /
_cShunpan Liu, Xing Zhao, Yihao Wu, Lingyun Zhou, Yong Li, Ruikun Mai, and Zhengyou He.
260 _aNew York ;
_bThe Institute of Electrical and Electronics Engineers, Inc. ,
_cJune 2022.
300 _aVolume 37, pages 7456-7469 :
_billustration ;
_c29 cm.
500 _aIEEE Transactions on Power Electronics, vol. 37, no. 6, pages 7456-7469, June 2022.
700 _aLiu, Shunpan.
_eauthor.
_953929
700 _aZhao, Xing.
_eauthor.
_953930
700 _aWu, Yihao.
_eauthor.
_953931
700 _aZhou, Lingyun.
_eauthor.
_953932
700 _aLi, Yong.
_eauthor.
_953933
700 _aMai, Ruikun.
_eauthor.
_953934
700 _aHe, Zhengyou.
_eauthor.
_953935
942 _2ddc
_cPER
999 _c19507
_d19507